006500000a22001450004500090001400000100003200014700003000046700002800076245017000104041001300274942001300287773002900300999001700329952015800346 aARb048691 aCrampton, William G.9990401 aLovejoy, Nathan R.9990431 aAlbert, James S.99791110aGymnotus ucamara: a new species of neotropical electric fish from the Peruvian amazon (ostariophysi: Gymnotidae), with notes on ecology and electric organ discharges0 aInglés cARTICULO1 tZootaxah277q1-18d2003 c13970d13970 001040718HEMEROTECAaBogotabBogotad2010-08-26hFuera de circulaciónl0oAR 04869p028251r2015-03-25 00:00:00t1w2015-03-25xDonaciónyARTICULO